000 00920 a2200229 4500
005 20260325121415.0
008 260325b |||||||| |||| 00| 0 eng d
020 _a9789387187146 (hbk)
037 _cTB
040 _aCRL
_cCRL
041 _2hin
_ahin
084 _aO152,6x Q8
_qCRL
100 _aबोहरा, मोहनकृष्ण
_9861876
245 _aसमकालीन आलोचना के अंतर्विरोध
260 _aदिल्ली, भारत:
_bनयी किताब प्रकाशन,
_c2018.
300 _a224पृ.
365 _b450.00
_cINR
650 _aहिन्दी निबंध
650 _aहिन्दी साहित्य
942 _cTB
_2CC
_hO152,6x Q8
999 _c1466887
_d1466887